000 00888cam a2200301 4500
001 10528
003 BD-RjUL
005 20211208234954.0
008 140125s1972 enka b 001 0 eng
020 _a0582440394
035 _a(BD-RjUL)10576
040 _aDLC
_cDLC
_dDLC
_dBD-RjUL
_beng
041 1 _aengita
082 0 0 _a541.223
_bNAS 1972
100 1 _aNatta, Giulio.
_932545
245 0 0 _aStereochemistry
_cby Giulio Natta and Mario Farina; translated by Andrew Dempster.
260 _a[London :
_bLongmans,
_c1972.
300 _a253 p. :
_billus.
_c21 cm.
500 _aTranslation of Stereochimica. Molecole in 3D.
504 _aIncludes index.
504 _aBibliography: p. 247.
650 0 _aStereochemistry.
_931567
700 1 _aFarina, Mario,
_ejoint author.
_932546
942 _2ddc
_cBK
999 _c10528
_d10528